01225 a2200193 45000010006000000050017000060080041000230030015000640400040000790800031001192450048001502500011001982640047002093000019002565050708002750410008009831000022009917000018010135404020260407155811.0260407a1970 arg spa dAR-UNSa-BCEJYS aAR-UNSa-BCEJYSbspacAR-UNSa-BCEJYS a330xEconomía en general10aRacionalidad e irracionalidad en economía a2a. ed 1aMéxico :bSiglo Veintiuno editoresc1970 a313 p.c21 cm. a1. El Tema: El punto de partida: 1.1. La racionalidad de los sistemas económicos: ¿Cuestión de ideología o problema científico? - 1.2. La racionalidad económica - 1.3. La distancia recorrida - 2. Racionalidad de la teoría económica: 2.1. Economía política y filosofía - 2.2. Las estructuras del método de "El capital" de Karl Marx - 2.3. Algunos aspectos del método de "El capital" - 2.4. La medida del valor: Problemas de administración óptima de una economía socialista - 5. Teoría marginalista y teoría marxista del valor y de los precios: Algunas hipótesis - 3. Racionalidad de los sistemas económicos: 3.1. Objeto y método de la antropología económica. aspa1 aGodelier, Maurice1 aBlanc, Nicole